Todos os iPhones Já Lançados - Statistics

Estatísticas Gerais
  • Esse quiz foi jogado 145 vezes
    52 desde o último reset
  • A pontuação média é 35 de 43
Estatísticas das Respostas
Ano Celular % Correto
2007 iPhone
100%
2019 iPhone 11
91%
2019 iPhone 11 Pro
91%
2019 iPhone 11 Pro Max
91%
2020 iPhone 12
91%
2020 iPhone 12 Mini
91%
2020 iPhone 12 Pro
91%
2020 iPhone 12 Pro Max
91%
2021 iPhone 13
91%
2021 iPhone 13 Mini
91%
2021 iPhone 13 Pro
91%
2021 iPhone 13 Pro Max
91%
2022 iPhone 14
91%
2022 iPhone 14 Plus
91%
2022 iPhone 14 Pro
91%
2022 iPhone 14 Pro Max
91%
2023 iPhone 15
91%
2023 iPhone 15 Plus
91%
2023 iPhone 15 Pro
91%
2023 iPhone 15 Pro Max
91%
2010 iPhone 4
89%
2011 iPhone 4 CDMA
89%
2012 iPhone 5
89%
2014 iPhone 6
89%
2014 iPhone 6 Plus
89%
2017 iPhone 8
89%
2017 iPhone 8 Plus
89%
2016 iPhone 7
87%
2016 iPhone 7 Plus
87%
2017 iPhone X
82%
2008 iPhone 3G
80%
2009 iPhone 3GS
80%
2018 iPhone XS
62%
2018 iPhone XS Max
62%
2016 iPhone SE
56%
2020 iPhone SE 2020
56%
2022 iPhone SE 2022
56%
2018 iPhone XR
56%
2013 iPhone 5c
53%
2011 iPhone 4s
51%
2013 iPhone 5s
51%
2015 iPhone 6s
44%
2015 iPhone 6s Plus
44%
Nenhum quiz correspondente encontrado
Distribuição das Pontuações
Porcentagem de Pessoas com Cada Pontuação
Percentil de Números Respondidos
Sua Pontuação Histórica
Você não jogou esse quiz desde o último reset